00916cam a2200229 a 450000100100000000500170001000800410002702000150006804000250008308200240010810000320013224500790016425000110024326000400025430000210029465000370031565000400035270000270039295201220041995201280054199900170066900001499720200929163933.0830709s1979 mx 000 0 spa  a9682300320 aDO-SdBNPbspacBNPHU a791.43bS684c, 19791 aSolanas, Fernando E.93395210aCine, cultura y descolonización /cFernando E. Solanas y Octavio Getino. a3a ed. aMéxico :bSiglo Veintiuno,c1979. a204 p. ;c18 cm. 4aCinexHistoriazArgentina933953 4aCine y políticazArgentina9339541 aGetino, Octavio933955 001050718MOaGRbGRcHDd2010-01-28iLF1l0o791.43 S684c, 1979p14997-10r2020-06-25w2020-06-25y1ZNo se presta 001150718MOaGRbGRcMId2017-06-02iLF1l0o791.43 S684c, 1979p14997-20r2020-06-25te. 2w2020-06-25y1ZNo se presta c14570d14570